000
00307 a2200145 4500
001
194576
020
_a
978-0-15-201990-7
040
_c
Magnum
100
_a
Wood, Audrey
240
1
0
_a
Silly Sally
_l
por
245
1
0
_a
Silly Sally
362
0
_a
1999
697
_a
LITERATURA INFANTIL INGLESA
942
_c
BK
999
_c
194576
_d
194576